| 000 | 00978nas a2200313 4500 | ||
|---|---|---|---|
| 001 | BR2012005897 | ||
| 003 | BR-BrBNA | ||
| 005 | 20231205120949.0 | ||
| 007 | ta | ||
| 008 | 230509b bl.|||p| |||| 00| 00por d | ||
| 040 |
_aBR-BrBNA _bpor _cBiblioteca Nacional de Agricultura |
||
| 041 | _a(En) | ||
| 072 | _aL01 | ||
| 100 | 1 | _aOliveira, M.E.F. | |
| 100 | 1 | _aCordeiro, M.F. | |
| 100 | 1 | _aFerreira, R.M. | |
| 100 | 1 | _aSouza, S.F. | |
| 100 | 1 | _aPieroni, J.S.P. | |
| 100 | 1 | _aRodrigues, L.F. de S. | |
| 100 | 1 | _aFonseca, J.F. da | |
| 100 | 1 | _aVicente, W.R.R. | |
| 245 | 1 | _aDoes supplemental LH changes rate and time to ovulation and embryo yield in Santa Ines ewes treated for superovulation with FSH plus e CG? | |
| 650 | _aOVELHA | ||
| 650 | _aSUPEROVULAÇÃO | ||
| 650 | _aEMBRIÃO | ||
| 773 | 0 |
_tCiência Rural (Brazil) _xISSN 0103-8478 _g(Jun 2012), v. 42(6) p. 1077-1082 _wBR2012005897 |
|
| 909 |
_a202311 _bLúcia _c55 _dLúcia Elande |
||
| 942 |
_2AGRIS _n0 _cANA |
||
| 999 |
_c221212 _d221212 |
||